Systém pre snímanie a vyhodnocovanie písania prostredníctvom tabletu

Enregistré dans:
Détails bibliographiques
Auteur principal: Kollár, Jakub (Auteur)
Autres auteurs: Vargic, Radoslav (Directeur de thèse)
Format: Manuscrit Livre
Langue:slovaque
Publié: Bratislava : STU v Bratislave FEI, 2023
Sujets:
Accès en ligne:https://opac.crzp.sk/?fn=detailBiblioFormChildY68EP&sid=72C4190EA10FC8F71DD506D508EF&seo=CRZP-detail-kniha
Tags: Ajouter un tag
Pas de tags, Soyez le premier à ajouter un tag!

MARC

LEADER 00000ntm a22000003a 4500
001 stuzp92051
003 SK-STU
005 20241127094527.6
007 ta
008 150427s2015----xo-----f-mn---000-0-slo-d
040 |a STU  |b slo 
041 0 |a slo 
044 |a xo 
100 1 |a Kollár, Jakub  |u 037000  |4 aut  |U FEI Fakulta elektrotechniky a informatiky  |T FEI Ústav multimediálnych informačných a komunikačných technológií  |X 98269  |U E070  |Y 818  |7 98269 
242 0 1 |a Tablet writing and evaluation system  |y eng 
245 1 0 |a Systém pre snímanie a vyhodnocovanie písania prostredníctvom tabletu 
260 |a Bratislava :  |b STU v Bratislave FEI,  |c 2023 
300 |a 58 s. 
650 4 |a Overenie pravosti ručne písaného podpisu  |2 slo 
650 4 |a Online podpis  |2 slo 
650 4 |a Biometria  |2 slo 
650 4 |a Dynamic Time Warping  |2 slo 
650 4 |a Neurónové siete  |2 slo 
650 4 |a Authentication of handwritten signatures  |2 eng 
650 4 |a Online signature  |2 eng 
650 4 |a Biometrics  |2 eng 
650 4 |a Dynamic Time Warping  |2 eng 
650 4 |a Neural networks  |2 eng 
700 1 |a Vargic, Radoslav  |u 037000  |k Z1  |4 ths  |U FEI Fakulta elektrotechniky a informatiky  |T FEI Ústav multimediálnych informačných a komunikačných technológií  |X 1918  |U E070  |Y 818  |7 A000001918 
856 4 |u https://opac.crzp.sk/?fn=detailBiblioFormChildY68EP&sid=72C4190EA10FC8F71DD506D508EF&seo=CRZP-detail-kniha